Responses for Show #4390 - Friday, October 10, 2003

Sean Ryan game 3.

Contestants

[<< previous game]

Melanie Cruanes, a clerk from El Dorado, Arkansas

Steve Altes, a writer from Burbank, California

Sean Ryan, a taxi driver, bartender, and student from State College, Pennsylvania (whose 2-day cash winnings total $17,998)

[next game >>]

Jeopardy! Round responses

SCIENTIFIC DISCOVERIES
WOMEN IN MUSIC
WELL EQUIPPED
ARTISTS
STUPID ANSWERS
I FEEL LIKE SUCH AN IDIOM!
    $200 4
sugar

Sean
    $200 14
Snow White (and the Seven Dwarfs)

Sean
    $200 10
options

Steve
    $200 24
Salvador Dali

Steve
    $200 1
llama

Steve
    $200 7
(Steve: What is shush?)
...
(Alex: Sounds like it belongs in STUPID ANSWERS!)

put a sock in it

Steve
Triple Stumper
    $400 13
cells

Melanie
    $400 15
(Alex: Named for Bette Davis.)

Bette Midler

Sean
    $400 16
football helmet

Melanie
    $400 27
Mary Cassatt

Steve
    $400 2
Kansas City

Sean
    $400 8
family tree

Melanie
    $600 18
(Robert) Bunsen

Sean
    $600 21
Gloria Estefan

Sean
    $600 17
chefs

Steve
    $600 28
(Melanie: Who is Picasso?)
(Sean: Who is Goya?)

El Greco

SeanMelanie
Triple Stumper
    $600 3
the Stray Cats

Steve
    $600 9
break a leg

Melanie
    $800 19
amino acids

Sean
    $800 22
Tammy Wynette

Sean
    $800 25
(Alex: With less than a minute to go.)

petri dish

Sean
    $1,000 29
Frida Kahlo

Steve
    $800 5
Great Britain

Sean
    $800 11
(Steve: What is... gerbil?)
(Melanie: What is a [**]?)
(Alex: No... We're going to give [**] for [*]? All right... it's a beaver; you've got the right animal!)

eager beaver (or busy beaver)

SteveMelanie
    $1000 20
prime

Steve
    $1000 23
Diane Warren

Triple Stumper
    $1000 26
surveillance

Sean
    $1000 30
(Sean: What is Leonidas at the Pass?)
...
(Alex: You misunderstood the clue, Sean; we're going for the artist's name.)

Eugene Delacroix

Sean
Triple Stumper
    $1000 6
(Melanie: What is a levee?)

the breakwater

Melanie
Triple Stumper
    $1000 12
shoot the breeze

Steve

Scores at the first commercial break (after clue 15):

Sean Steve Melanie
$2,000 $1,000 $1,200

Scores at the end of the Jeopardy! Round:

Sean Steve Melanie
$5,000 $4,200 $1,000

Double Jeopardy! Round responses

U.S. GEOGRAPHY
REEL LIFE QUOTES
INTERIORS
HEY, VERNE!
THE LEAGUE OF NATIONS
BAG "DAD"
    $400 6
the Hudson River

Sean
    $400 9
(Melanie: What is C3PO?)

Star Wars

SteveMelanie
    $400 26
logs

Sean
    $400 16
Around the World in Eighty Days

Sean
    $400 21
the Red Cross

Sean
    $400 1
Sugar Daddy

Steve
    $800 7
Harrisburg

Sean
    $800 10
The Godfather Part II

Steve
    $800 27
feng shui

Sean
    $800 17
Twenty Thousand Leagues Under the Sea

Steve
    $800 22
Woodrow Wilson

Sean
    $800 2
crawdads

Melanie
    $1200 8
the James River

Steve
    $1200 11
Gladiator

Sean
    $1200 28
(Steve: What is the Penthouse Suite?)
(Alex: We'll accept that.)

the Presidential Suite

Steve
    $1200 18
Journey to the Center of the Earth

Sean
    $1200 23
the USSR

Sean
    $1200 3
doodad

Sean
    $1600 14
(Steve: What is New York?)

Connecticut

SeanSteve
    $2,000 12
Young Frankenstein

Sean
    $1600 29
(Sean: What is a bird's-neck lamp?)

gooseneck lamp

SeanSteve
    $1600 19
The Mysterious Island

Steve
    $5,000 24
(Alex: The invasion of Ethiopia.)

Haile Selassie

Sean
    $1600 4
skedaddle

Triple Stumper
    $2000 15
Minnehaha

Sean
    $2000 13
Patton

Sean
    $2000 30
burled wood

Triple Stumper
    $2000 20
From the Earth to the Moon

Steve
    $2000 25
Gdansk (Danzig)

Sean
    $2000 5
Trinidad

Triple Stumper

Scores at the end of the Double Jeopardy! Round:

Sean Steve Melanie
$26,800 $12,600 $1,400
(lock game)

[wagering suggestions for these scores]

Final Jeopardy! Round responses

PEOPLE IN HISTORY
(Alex: Killed in Hawaii, yes, and you know who recovered the spear? His navigator, William Bligh; the Captain Bligh of "Mutiny on the Bounty".)
MelanieWho is ?
$1,000
SteveWho was Louis 14
$12,600
SeanWho is Captain Cook
$0
Captain James Cook

Final scores:

Sean Steve Melanie
$26,800 $0 $400
3-day champion: $44,798 3rd place: $1,000 2nd place: $2,000

Game dynamics:

Coryat scores:

Sean Steve Melanie
$23,000 $12,400 $1,400
28 R
(including 2 DDs),
3 W
18 R
(including 1 DD),
3 W
6 R,
3 W

Combined Coryat: $36,800

[game clues] [game scores] [suggest correction]

Game tape date: 2003-07-30
The J! Archive is created by fans, for fans. Scraping, republication, monetization, and malicious use prohibited; this site may use cookies and collect identifying information. See terms. The Jeopardy! game show and all elements thereof, including but not limited to copyright and trademark thereto, are the property of Jeopardy Productions, Inc. and are protected under law. This website is not affiliated with, sponsored by, or operated by Jeopardy Productions, Inc. Join the discussion at JBoard.tv.